000 00703nam a2200217Ii 4500
003 JO-AjNU
008 230606s9999||||xx |||||||||||||| ||und||
020 _a978-0-7641-4304-5
040 _aJO-AjNU
_beng
_erda
_cJO-AjNU
041 _aeng
050 1 4 _aHG151.D69.2010
100 3 _aA.B, John Downes ,
_eauthor
_92426
245 0 0 _a Dictionary of international investment and finance terms
250 _a8 ed
264 3 1 _aNewYork: Barron,s,2010
300 _a865p
336 _atext
_btxt
_2rdacontent
337 _aunmediated
_bn
_2rdamedia
338 _avolume
_bnc
_2rdacarrier
650 4 _anvestment -- Dictionaries -- International Investment - Glossary of terms -- Finance - Glossary
_92427
999 _aE1271
_c1271
_d1271